Lun yu biao jie /
Saved in:
| Main Author: | |
|---|---|
| Format: | Book |
| Language: | Chinese |
| Published: |
Taibei :
Zhong hua cong shu bian shen wei yuan hui,
Min guo 52 [1963]
|
| Series: | Zhonghua cong shu.
|
| Subjects: | |
| Tags: |
Add Tag
No Tags, Be the first to tag this record!
|
| LEADER | 01280cam a2200313 a 4500 | ||
|---|---|---|---|
| 001 | 007726638-2 | ||
| 005 | 20024617103528.0 | ||
| 008 | 840702s1963 ch 001 0 chird | ||
| 035 | 0 | |a ocm10905818 | |
| 035 | 0 | |a ocm10905818 |z ocm27794900 |z ocm31511190 | |
| 040 | |a MNS |c MNS |d OCoLC |d WU |d *YNH* |d CStRLIN | ||
| 100 | 1 | |6 880-01 |a Liu, Yisheng, |d active 1963- | |
| 245 | 1 | 0 | |6 880-02 |a Lun yu biao jie / |c Liu Yisheng zhu. |
| 260 | |6 880-03 |a Taibei : |b Zhong hua cong shu bian shen wei yuan hui, |c Min guo 52 [1963] | ||
| 300 | |a 6, 468 p. ; |c 21 cm. | ||
| 490 | 1 | |6 880-04 |a Zhonghua cong shu | |
| 500 | |a Includes index. | ||
| 505 | 2 | |6 880-05 |a Fu lu: p. 443-468 (i) Lun yu ren ming suo yin -- (er) Lun yu di ming suo yin -- (san) Lun yu guan ming suo yin. | |
| 600 | 0 | 0 | |6 880-06 |a Confucius. |t Lun yu. |
| 880 | 1 | |6 100-01 |a 劉義生, |d active 1963- | |
| 880 | 1 | 0 | |6 245-02 |a 論語表解 / |c 劉義生著. |
| 880 | |6 260-03 |a 台北 : |b 中華叢書編審委員會, |c 民國52 [1963] | ||
| 880 | 1 | |6 490-04 |a 中華叢書 | |
| 880 | 2 | |6 505-05 |a 附錄: p. 443-468 (一) 論語人名索引 -- (二) 論語地名索引 -- (三) 論語官名索引. | |
| 880 | 0 | 0 | |6 600-06 |a Confucius. |t 論語. |
| 830 | 0 | |6 880-54 |a Zhonghua cong shu. | |
| 880 | 0 | |6 830-54 |a 中華叢書. | |
| 988 | |a 20021127 | ||
| 906 | |0 OCLC | ||


